Oulu - monivalintavisa - Statistics

Yleistilastot
  • Tätä visaa on pelattu 57 kertaa
  • Keskiarvotulos 5 / 10
Vastaustilastot
Kysymys Vastaus % Oikein
Mikä kuvista on Oulusta?
83%
Minkä tuotteen viennissä Oulu oli 1800-luvulla Suomen suurin? tervan
77%
Missä saaressa järjestetään Suomen suurimpiin kuuluva festivaali Qstock? Kuusisaaressa
75%
Mikä seuraavista EI OLE osa Oulun kuntaa? Sarkkiranta
57%
Oulu on maailman ______ pohjoisin kaupunki, jossa on yli 200 000 asukasta. toiseksi
55%
Mikä on "1512 Oulu"? asteroidi
49%
Mikä seuraavista EI OLE esimerkki Oulun murteesta? aaninki
38%
Milloin Pohjoismaiden ensimmäinen teknologiakylä Technopolis perustettiin Oulussa? 1982
17%
Kuka seuraavista urheilijoista on syntynyt Oulussa? Iivo Niskanen
17%
Minkä Suomen ennätyksen jääkiekkojoukkue Oulun Kärpät on tehnyt? Saavuttanut pisimmän mitaliputken SM-liigassa
15%
Ehtoja vastaavia visoja ei löytynyt
Tulosjakauma
Jokaisen tuloksen saaneiden osuus
Persentiili vastausten määrän mukaan
Tuloshistoriasi
Et ole pelannut tätä visaa